Top 5 Songs On Stranger (Yung Lean) - Statistics

General Stats
  • This quiz has been taken 14 times
  • The average score is 4 of 5
Answer Stats
Hint Answer % Correct
48,133,274 Agony
100%
47,853,753 Red Bottom Sky
77%
9,858,032 Muddy Sea
69%
6,433,803 Yellowman
62%
6,803,993 Skimask
54%
No matching quizzes found
Score Distribution
Percent of People with Each Score
Percentile by Number Answered
Your Score History
You have not taken this quiz